Plats au Four - Mort Subite - Statistiques

Statistiques générales
  • Ce quiz a été pris 333 fois
  • Le résultat moyen est 9 sur 16
Answers on the Grid
Answers color-coded by a green-red scale on the quiz's grid according to % correct below.
Tarte aux pacanes
Pizza Margherita
Tarte Tatin
Lasagnes à la bolognaise
Gratin dauphinois
Brownie
Bœuf Wellington
Pet de sœur
Pastel de nata
Bonhomme de pain d'épices
Ceviche
Churro
Guacamole
Pikliz
Bœuf wagyu au teppanyaki
Biltong
Kokotxas / Cocochas
Chachlyk
Steak tartare
Rondelles d'oignon / Beignets d'oignon
Sorbet à la fraise
Mousse au citron
Cookie / Biscuit aux pépites de chocolat
Quiche lorraine
Tavë kosi
Pâté chinois
Khatchapouri
Kaalilaatikko
 
Statistiques - réponses
Réponse % Correct
Quiche lorraine
89%
Gratin dauphinois
86%
Pizza Margherita
86%
Cookie / Biscuit aux pépites de chocolat
82%
Tarte Tatin
82%
Brownie
81%
Lasagnes à la bolognaise
81%
Bonhomme de pain d'épices
71%
Pastel de nata
63%
Tarte aux pacanes
62%
Bœuf Wellington
52%
Pâté chinois
28%
Pet de sœur
26%
Kaalilaatikko
14%
Khatchapouri
13%
Tavë kosi
10%
Aucun quiz correspondant
Distribution des résultats
% des personnes avec chaque résultat
Percentile par nombre de réponses
Votre historique - résultats
Vous n’avez pas pris ce quiz